Drużyny CS2 - Statystyki

Ogólne statystyki
  • Ten quiz został rozwiązany 113 razy
  • Średni wynik to 10 z 15
Statystyki odpowiedzi
Kraj Drużyna % Poprawnych
Francja Vitality
90%
Arabia Saudyjska Falcons
85%
Brazylia Furia
83%
Ukraina Navi
83%
Rosja Spirit
83%
Mongolia The mongolz
83%
Turcja Aurora
66%
USA Faze
62%
Niemcy Mouz
61%
Niemcy G2
59%
Francja 3dmax
56%
Brazylia Pain
45%
Rosja Parivision
44%
Ukraina/USA Passion UA
37%
USA Team liquid
34%
Nie znaleziono quizów pasujących do podanych kryteriów
Rozkład punktacji
Procent ludzi z każdym wynikiem
Percentyl według liczby udzielonych odpowiedzi
Twoja historia wyników
Nie rozwiązałeś tego quizu